[Event "SVK-chT4 A21 1516"]
[Site "Slovakia"]
[Date "2016.01.10"]
[Round "6.5"]
[White "Piestansky, Jan"]
[Black "Varga, Adam"]
[Result "1/2-1/2"]
[WhiteElo "1694"]
[BlackElo "1315"]
[PlyCount "101"]
[EventDate "2015.10.04"]
[EventType "team-tourn"]
[EventRounds "11"]
[EventCountry "SVK"]
[SourceTitle "CBM 170 Extra"]
[Source "ChessBase"]
[SourceDate "2016.02.25"]
[SourceVersion "1"]
[SourceVersionDate "2016.02.25"]
[SourceQuality "1"]
[WhiteTeam "Chtelnica Kamenar"]
[BlackTeam "Vrbove II"]
[WhiteTeamCountry "SVK"]
[BlackTeamCountry "SVK"]

1. e4 e5 2. Nf3 Nc6 3. Bc4 Bc5 4. h3 Nf6 5. d3 d6 6. c3 0-0 7. 0-0 Bd7 8. Bb3 h6 9. Be3 Bb6 10. Bxb6 axb6 11. Nbd2 Re8 12. Nh2 Be6 13. f4 Bxb3 14. Nxb3 Qd7 15. f5 Rf8 16. Ng4 Qe7 17. Qf3 Kh7 18. a3 Nxg4 19. Qxg4 g6 20. Rad1 g5 21. Nd2 f6 22. Nc4 Rad8 23. Ne3 Qf7 24. Nd5 Rd7 25. Rd2 Ne7 26. Ne3 d5 27. exd5 Nxd5 28. Nxd5 Rxd5 29. Qe4 Rfd8 30. Rfd1 c6 31. Kf2 Kg7 32. g4 Qc7 33. Kf3 b5 34. Qe3 c5 35. Qe4 Qc6 36. Kg3 Qc7 37. Kf3 c4 38. Ke2 Qd7 39. Qe3 Qc6 40. Qe4 cxd3+ 41. Rxd3 Rxd3 42. Qxc6 bxc6 43. Rxd3 Rxd3 44. Kxd3 Kf7 45. c4 Ke7 46. cxb5 cxb5 47. Ke4 Kd6 48. b3 Kc5 49. Kd3 Kd5 50. Ke3 Kd6 51. Ke4 1/2-1/2

[Event "SVK-chT4 A21 1516"]
[Site "Slovakia"]
[Date "2015.11.08"]
[Round "3.4"]
[White "Varga, Adam"]
[Black "Lauko, Tomas"]
[Result "0-1"]
[WhiteElo "1315"]
[BlackElo "1680"]
[PlyCount "50"]
[EventDate "2015.10.04"]
[EventType "team-tourn"]
[EventRounds "11"]
[EventCountry "SVK"]
[SourceTitle "CBM 170 Extra"]
[Source "ChessBase"]
[SourceDate "2016.02.25"]
[SourceVersion "1"]
[SourceVersionDate "2016.02.25"]
[SourceQuality "1"]
[WhiteTeam "Vrbove II"]
[BlackTeam "Senica SK II"]
[WhiteTeamCountry "SVK"]
[BlackTeamCountry "SVK"]

1. e4 d5 2. exd5 Qxd5 3. Nc3 Qa5 4. Bc4 Nc6 5. Nge2 Bf5 6. d3 e6 7. Bd2 Ne5 8. Bb3 0-0-0 9. 0-0 Qa6 10. Nf4 g5 11. Nfe2 f6 12. Ng3 Bg6 13. Re1 h5 14. f4 Bc5+ 15. Kh1 Ng4 16. Bxe6+ Qxe6 17. Rxe6 Nf2+ 18. Kg1 Nxd1+ 19. Kf1 Nxc3 20. bxc3 h4 21. Ne2 Bf5 22. Rxf6 Nxf6 23. fxg5 Ng4 24. Rb1 Rhf8 25. h3 Bxd3+ 0-1

[Event "SVK-chT4A21 1314"]
[Site "Slovakia"]
[Date "2014.03.30"]
[Round "11.5"]
[White "Varga, Adam"]
[Black "Slaba, Andrea"]
[Result "1-0"]
[WhiteElo "1216"]
[BlackElo "1294"]
[PlyCount "41"]
[EventDate "2013.10.06"]
[EventType "team-tourn"]
[EventRounds "11"]
[EventCountry "SVK"]
[SourceTitle "EXT 2022"]
[Source "ChessBase"]
[SourceDate "2021.10.06"]
[SourceVersion "1"]
[SourceVersionDate "2021.10.06"]
[SourceQuality "1"]
[WhiteTeam "Vrbove II"]
[BlackTeam "Chtelnica Kamenar"]
[WhiteTeamCountry "SVK"]
[BlackTeamCountry "SVK"]

1. e4 Nf6 2. Nc3 d5 3. e5 d4 4. exf6 dxc3 5. fxe7 cxd2+ 6. Qxd2 Qxd2+ 7. Bxd2 Bxe7 8. 0-0-0 0-0 9. Bc4 Bf6 10. Bf4 c6 11. Ne2 Bf5 12. Ng3 Bg6 13. Rhe1 b5 14. Bd3 Bxd3 15. Rxd3 a5 16. Ne4 Rc8 17. Nxf6+ gxf6 18. Re7 Na6 19. Rg3+ Kf8 20. Bd6 Rd8 21. Re6+ 1-0

[Event "SVK-chT4A21 1314"]
[Site "Slovakia"]
[Date "2013.11.03"]
[Round "3.5"]
[White "Varga, Adam"]
[Black "Dest, Stanislav"]
[Result "0-1"]
[WhiteElo "1216"]
[BlackElo "1437"]
[PlyCount "126"]
[EventDate "2013.10.06"]
[EventType "team-tourn"]
[EventRounds "11"]
[EventCountry "SVK"]
[SourceTitle "EXT 2022"]
[Source "ChessBase"]
[SourceDate "2021.10.06"]
[SourceVersion "1"]
[SourceVersionDate "2021.10.06"]
[SourceQuality "1"]
[WhiteTeam "Vrbove II"]
[BlackTeam "Senica Dragon"]
[WhiteTeamCountry "SVK"]
[BlackTeamCountry "SVK"]

1. e4 e5 2. Nf3 d6 3. Bc4 Be7 4. d3 Nf6 5. Be3 Bd7 6. c3 0-0 7. Nbd2 Nc6 8. 0-0 Na5 9. Bb3 Nxb3 10. Qxb3 Qc8 11. d4 exd4 12. cxd4 Bc6 13. d5 Bd7 14. Nd4 Ng4 15. f3 Nxe3 16. Qxe3 Bf6 17. Rac1 a6 18. N2b3 Qd8 19. Qd3 Rc8 20. Rf2 c5 21. dxc6 bxc6 22. Rfc2 c5 23. Ne2 Qb6 24. Kf1 Bb5 25. Qd5 Rfd8 26. Ke1 h6 27. Nc3 Bc6 28. Qd3 Bg5 29. Rd1 c4 30. Qxc4 Bb5 31. Qd4 Qc7 32. g3 Bf6 33. Qe3 Qc4 34. Qf2 Qc7 35. Rdc1 Qb8 36. Nxb5 Rxc2 37. Rxc2 Qxb5 38. Nc1 d5 39. exd5 Qxd5 40. Kf1 Qd1+ 41. Kg2 Bd4 42. Qe2 Qg1+ 43. Kh3 Bf6 44. Nb3 Qb6 45. Rd2 Rc8 46. Rc2 Rd8 47. Nc5 a5 48. Na4 Qd4 49. b3 Qd7+ 50. Kg2 Re8 51. Qd2 Qe7 52. Qxa5 Qe3 53. Qd2 Qe7 54. Nb6 Bg5 55. f4 Qe4+ 56. Kf2 Bf6 57. Rc4 Qh1 58. Rc2 Rd8 59. Qc1 Bd4+ 60. Ke2 Qe4+ 61. Kf1 Qf3+ 62. Ke1 Re8+ 63. Kd2 Qe2# 0-1